| 000 | 00707nam a2200217Ia 4500 | ||
|---|---|---|---|
| 999 |
_c65204 _d65204 |
||
| 005 | 20240530110812.0 | ||
| 008 | 140319s2005 au a b 000 0 ara d | ||
| 017 |
_a2005/2751 _bمصر. دار الكتب |
||
| 020 | _a9773561038 | ||
| 040 |
_aGCL / _cGCL |
||
| 082 | 0 | 4 |
_221 _a769.56 / _bس ث |
| 100 | 0 | _aسهير متولى | |
| 245 | 1 | 0 |
_aثقافة الامم على طوابق البريد / _cسهير متولى |
| 250 | _aط.1 | ||
| 260 |
_aالقاهرة : _bهلا للنشر والتوزيع، _c2005 . |
||
| 300 |
_a88 ص. : _bايض. ؛ _c20 سم. |
||
| 650 | 0 | 7 |
_aطوابع البريد _2qrmak |
| 651 | _2qrmak | ||
| 942 |
_2ddc _cBK |
||